LA LIBERTAD RELIGIOSA DE LOS TRABAJADORES: El deber empresarial de acomodación razonable como mecanismo de promoción de los Derechos Humanos

Saved in:
Bibliografiske detaljer
Hovedforfatter: Garciandia Igal, David & Dos Santos Junior, Aloisio
Format: Ukendt
Sprog:engelsk
Udgivet: Portal Derecho S.A. IUSTEL 2021
Tags: Tilføj Tag
Ingen Tags, Vær først til at tagge denne postø!

MARC

LEADER 00000 a2200000 4500
003 CL-VaPUC
005 20210422103736.0
008 210422b ||||| |||| 00| 0 eng d
999 |c 432657  |d 432655 
020 |a 9788498904024 
040 |c Pontificia Universidad Católica de Valparaíso 
100 |a Garciandia Igal, David & Dos Santos Junior, Aloisio  |9 859906 
245 |a LA LIBERTAD RELIGIOSA DE LOS TRABAJADORES: El deber empresarial de acomodación razonable como mecanismo de promoción de los Derechos Humanos 
260 |b Portal Derecho S.A. IUSTEL  |c 2021 
583 |k Cristina Rojas  |c 20210422 
942 |2 ddc  |c BK  |n 1